000 00609cam a22002293a 4500
001 5154
003 PGUSA
005 20140828083114.0
008 040201s2004||||xxu|||||s|||||000 1 eng d
040 _aPGUSA
_beng
042 _adc
050 4 _aPQ
100 1 _aZola, Émile,
_d1840-1902
245 1 0 _aLa Bête Humaine
_h[electronic resource] /
_cÉmile Zola
260 _bProject Gutenberg,
_c2004
506 _aPublic domain in the USA.
516 _aElectronic text
653 _aFrench fiction
830 0 _aProject Gutenberg
_v5154
856 4 0 _uhttp://www.gutenberg.org/ebooks/5154
942 _cEB
999 _c234483
_d234483